Escuelas que aprenden : (Registro nro. 64921)
[ vista simple ]
| 000 -LEADER | |
|---|---|
| fixed length control field | 01649cam a2200373 i 4500 |
| 001 - CONTROL NUMBER | |
| control field | 64921 |
| 003 - CONTROL NUMBER IDENTIFIER | |
| control field | Mx-PuUPA |
| 005 - DATE AND TIME OF LATEST TRANSACTION | |
| control field | 20250320074126.0 |
| 008 - FIXED-LENGTH DATA ELEMENTS--GENERAL INFORMATION | |
| fixed length control field | 080630s2002 ck a fr 001 0 spa d |
| 020 ## - INTERNATIONAL STANDARD BOOK NUMBER | |
| International Standard Book Number | 9580465118 |
| 040 ## - CATALOGING SOURCE | |
| Original cataloging agency | Mx-PuUPA |
| Language of cataloging | spa |
| Transcribing agency | Mx-PuUPA |
| Modifying agency | Mx-PuUPA |
| Description conventions | rda |
| 041 1# - LANGUAGE CODE | |
| Language code of text/sound track or separate title | spa |
| Language code of original | eng |
| 100 1# - MAIN ENTRY--PERSONAL NAME | |
| Personal name | Senge, Peter M., |
| Dates associated with a name | 1947- |
| Relator term | autor |
| 9 (RLIN) | 2723 |
| 240 1# - UNIFORM TITLE | |
| Uniform title | Schools that learn. |
| Date of a work | 2000 |
| 245 10 - TITLE STATEMENT | |
| Title | Escuelas que aprenden : |
| Remainder of title | un manual de la quinta disciplina para educadores, padres de familia y todos los que se interesan en la educación / |
| Statement of responsibility, etc. | Peter Senge [y otros cinco] ; traducción, Jorge Cárdenas Nannetti |
| 246 14 - VARYING FORM OF TITLE | |
| Title proper/short title | Las fuentes de la quinta disciplina : |
| Remainder of title | escuelas que aprenden. |
| 250 ## - EDITION STATEMENT | |
| Edition statement | Primera edición |
| 264 #1 - PRODUCTION, PUBLICATION, DISTRIBUTION, MANUFACTURE, AND COPYRIGHT NOTICE | |
| Place of production, publication, distribution, manufacture | Bogotá, Colombia : |
| Name of producer, publisher, distributor, manufacturer | Grupo Editorial Norma, |
| Date of production, publication, distribution, manufacture, or copyright notice | ©2002 |
| 300 ## - PHYSICAL DESCRIPTION | |
| Extent | 630 páginas : |
| Other physical details | diagramas ; |
| Dimensions | 23 cm |
| 336 ## - CONTENT TYPE | |
| Fuente | rdacontent |
| Content type term | texto |
| Content type code | txt |
| 337 ## - MEDIA TYPE | |
| Source | rdamedia |
| Media type term | sin medio |
| Media type code | n |
| 338 ## - CARRIER TYPE | |
| Source | rdacarrier |
| Carrier type term | volumen |
| Carrier type code | nc |
| 490 0# - SERIES STATEMENT | |
| Series statement | Colección Vitral |
| 650 #7 - SUBJECT ADDED ENTRY--TOPICAL TERM | |
| Source of heading or term | armarc |
| Topical term or geographic name entry element | Escuelas |
| General subdivision | Administración |
| 650 #7 - SUBJECT ADDED ENTRY--TOPICAL TERM | |
| Source of heading or term | armarc |
| Topical term or geographic name entry element | Administración escolar |
| 700 1# - ADDED ENTRY--PERSONAL NAME | |
| Personal name | Cárdenas Nannetti, Jorge, |
| Relator term | traductor |
| 765 08 - ORIGINAL LANGUAGE ENTRY | |
| Main entry heading | Senge, Peter M., |
| Title | Schools that learn : a fifth discipline fieldbook for educators, parents, and everyone who cares about education |
| Edition | first edition |
| Place, publisher, and date of publication | New York : Doubleday, 2000 |
| International Standard Book Number | 9780385493239 |
| 942 ## - ADDED ENTRY ELEMENTS (KOHA) | |
| Source of classification or shelving scheme | Dewey Decimal Classification |
| Koha item type | Libro |
| Classification part | 371 |
| Item part | S4718 |
| Withdrawn status | Lost status | Source of classification or shelving scheme | Damaged status | Not for loan | Collection code | Home library | Current library | Shelving location | Date acquired | Source of acquisition | Total Checkouts | Full call number | Barcode | Date last seen | Date last checked out | Price effective from | Koha item type | Copy number |
|---|---|---|---|---|---|---|---|---|---|---|---|---|---|---|---|---|---|---|
| Dewey Decimal Classification | General | Biblioteca Karol Wojtyla | Biblioteca Karol Wojtyla | Sala general | 02/05/2019 | Donación | 1 | 371 S4718 2002 | 60252 | 05/01/2026 | 25/08/2023 | 03/12/2013 | Libro | |||||
| Dewey Decimal Classification | General | Biblioteca Karol Wojtyla | Biblioteca Karol Wojtyla | Sala general | 03/12/2013 | Compra | 371 S4718 2002 | 45507 | 05/01/2026 | 03/12/2013 | Libro | Ej.2 |